Middle Countries Alphabetically by Continent - Statistics

General Stats
  • This quiz has been taken 148 times
  • The average score is 19 of 26
Answer Stats
Continent Country % Correct
South America Guyana
89%
North America Guatemala
86%
South America Ecuador
85%
Oceania Nauru
83%
South America Colombia
82%
Oceania New Zealand
82%
North America Honduras
81%
Europe Liechtenstein
80%
Europe Luxembourg
80%
Europe Lithuania
79%
Oceania Palau
79%
North America Haiti
78%
Europe Latvia
75%
South America Paraguay
75%
North America Grenada
74%
North America El Salvador
73%
Asia Laos
73%
Oceania Papua New Guinea
70%
Europe Malta
69%
Africa Libya
67%
Africa Liberia
65%
Asia Lebanon
62%
Africa Lesotho
60%
Asia Malaysia
59%
Africa Madagascar
54%
Asia Maldives
49%
No matching quizzes found
Score Distribution
Percent of People with Each Score
Percentile by Number Answered
Your Score History
You have not taken this quiz